| 000 | 00434nam a2200181Ia 4500 | ||
|---|---|---|---|
| 001 | 9481 | ||
| 005 | 20260306161721.0 | ||
| 008 | 260306t2004||||xx |||||||||||||| ||spa|| | ||
| 041 | _aESP | ||
| 082 |
_a379.158 _bI21 |
||
| 100 |
_aIafrancesco Villegas, Giovanni Marcelo _eAUT |
||
| 245 | 0 | _aAcreditación de los centros educativos | |
| 260 | _c2004 | ||
| 300 |
_a _c |
||
| 650 | _aGEN | ||
| 654 | _aCED | ||
| 942 |
_cLIB _dJUS _fJUS _2ddc _n |
||
| 999 |
_c9481 _d9481 |
||